000 01228nam a2200265Ia 4500
003 OSt
005 20200716162251.0
008 191128s2011 ck ad gr 000 0dspa d
020 _a9789586441551
082 0 4 _a330.9861 /
_bG643c
_223
100 _aGonzález, Jorge Iván,
_eautor
_95104
245 1 0 _aCircuitos, centralidades y estándar de vida :
_bun ensayo de geografía económica /
_cJorge Ivan González, Martha Cardozo B., Guillermo Rivas M., Guillermo Ruiz P., [y otros2]
260 _aBogotá :
_bConep ; Centro de Investigaciónes para el Desarrollo,
_c2011.
300 _a195 páginas :
_b gráficos, diagramas, mapas a color ;
_c24 cm.
490 _aColección territorio, poder y conflicto
504 _aBibliografía : páginas 187-195.
505 0 _aEl circuito económico -- La geografía económica y la convergencia regional -- La pobreza y los recursos propios -- Los montes de María -- El Magdalena Medio
650 1 4 _aViolencia
_97418
650 1 4 _aAspectos económicos
_93268
650 2 4 _a Historia económica
_xInsurgencia
_97419
650 2 4 _aAspectos económicos
_93268
700 1 _aCardozo B., Martha,
_eautora
_97420
700 1 _aRivas M., Guillermo,
_eautor
_97421
942 _2ddc
_cBK
999 _c4589
_d4589